000 01133nam a22003137a 4500
001 BR7000800
003 BR-BrBNA
005 20230928083617.0
007 ta
008 230509b bl.||||| |||| 00| 0 por d
040 _aBR-BrBNA
_bpor
_cBiblioteca Nacional de Agricultura
041 _a(Por)
072 _aE30; E10
_b/G302
_b/G310
090 _ E30 BR7000800
110 1 _aSubsecretaria de Planejamento e Orcamento, Brasilia, DF (Brasil)
245 1 _aDiscurso pronunciado pelo vice-ministro da agricultura do Brasil, DR. Paulo Afonso Romano, na 15. Reuniao Anual da Junta Diretiva do Instituto Interamericano de Ciencias Agricolas. A cooperacao internacional para o desenvolvimento rural na America Latina e o Caribe [politica agricola]
260 3 _aBrasilia, DF (Brasil):
_c[nd].
300 _a18 p.
500 _aPublished after 1970
650 _aDESENVOLVIMENTO RURAL
650 _aDESENVOLVIMENTO AGRICOLA
650 _aPOLITICA AGRICOLA
650 _aECONOMIA AGRICOLA
650 _aFINANCIAMENTO
650 _aAMERICA LATINA
650 _aCARIBE
909 _a202309
_bLucia
_c55
_dLucia Elande
942 _cBK
999 _c14459
_d14459